Countries Bordering Unknown Sea #4 (no letter prompts) - Statistics

General Stats
  • This quiz has been taken 215 times
  • The average score is 7 of 7
Answer Stats
Country % Correct
Russia
99%
Turkey
95%
Black Sea
93%
Ukraine
93%
Georgia
92%
Romania
91%
Bulgaria
90%
No matching quizzes found
Score Distribution
Percent of People with Each Score
Percentile by Number Answered
Your Score History
You have not taken this quiz